00761cam a22002053 4500001002100000003004700021005001700068008000300085020001500088050001900103100001900122245009500141260005200236300001500288500002000303700007600323942001500399999001500414952012600429FRBNF389298310000000http://catalogue.bnf.fr/ark:/12148/cb38929831320250628134001.0gv a0827603266 aBS1235b.3 SAR aSARNA M. NAHUM aTHE JPS TORAH COMMENTARY GENSIS;bTHE TRADITIONAL HEBREW TEXT WITH THE NEW JPS TRANSLATION aNEW YORKbTHE JEWISH PUBLICATION SOCIETYcc1989 axxix, 414p10312008298aBible 312096931oISNI0000000108911675aSarnabNahum Mattathiasf1923-20054070 2lcccBKn0 c6766d6766 00102lcc40708NFICaCUL1bCUL1cGENd2025-06-28l0oBS1235.3 SARpULCT00003622r2025-06-28 13:41:17t1w2025-06-07yBK